Culpa y expiación /

En el siguienter ensayo se bosqueja la relación entre un concepto de lo político como contienda agonal y la comprensión particular del crimen y el cxastigo que se siguen de aquel. Partiendo de una interpretación freudiana de la evolución cultural, se examina el rol de lo político como campo de juego...

Full description

Bibliographic Details
Main Author: Drewski, Daniel
Format: Analitica de revista
Language:Spanish
Published: Santiago, Chile Universidad de Chile, Facultad de Derecho 2010
Subjects:

MARC

LEADER 00000cab a2200000 a 4500
001 030095
003 UAHC_CL
005 20170803123152.0
008 100705s2010 cl f 000 spa
040 |a UAHC_CL  |c UAHC_CL  |d UAHC_CL 
100 1 |a Drewski, Daniel 
245 1 0 |a Culpa y expiación /  |c Daniel Drewski. 
260 |b Universidad de Chile, Facultad de Derecho  |c 2010  |a Santiago, Chile 
300 |a p. 261-268 
500 |a En: Revista Derecho y Humanidades, no. 16, vol. 1, 2010. pp. 261-268. ISSN: 187-208. 0716-9825. 
520 |a En el siguienter ensayo se bosqueja la relación entre un concepto de lo político como contienda agonal y la comprensión particular del crimen y el cxastigo que se siguen de aquel. Partiendo de una interpretación freudiana de la evolución cultural, se examina el rol de lo político como campo de juego en que se enfrentan ambos impulsos, constituyendo identidades políticas entre lo universal y lo particular. 
520 |a En el siguienter ensayo se bosqueja la relación entre un concepto de lo político como contienda agonal y la comprensión particular del crimen y el cxastigo que se siguen de aquel. Partiendo de una interpretación freudiana de la evolución cultural, se examina el rol de lo político como campo de juego en que se enfrentan ambos impulsos, constituyendo identidades políticas entre lo universal y lo particular. 
650 4 |a culpa (derecho) 
650 4 |a AGRESION 
650 4 |a CRIMEN 
759 |a PP144 
773 0 |t Revista derecho y humanidades  |w 030081 
900 |a DERECHO HUMANIDAD.-16/10 
942 |c REVA 
952 |0 0  |1 0  |4 0  |6 DERECHO_HUMANIDAD_16_10_000000000000000  |7 0  |8 General  |9 58909  |a BC  |b BC  |c General  |d 2017-08-03  |l 0  |o DERECHO HUMANIDAD.-16/10  |p FICTICIO2132  |r 2019-01-08 00:00:00  |t 1  |w 2017-08-03  |y REVA 
999 |c 30095  |d 30095